Ridley Scott Movies Quiz Stats

 Plays Quiz Updated Jan 16, 2020

Support Sporcle.
Go Orange.
Score 0/25 Timer 06:00
0 Plays Today
Year Movie % Correct
1979Alien
85.3%
2000Gladiator
79%
2012Prometheus
67.9%
1982Blade Runner
63.4%
2017Alien: Covenant
55.3%
2015The Martian
47.2%
2001Black Hawk Down
40.6%
2007American Gangster
34.4%
2005Kingdom of Heaven
34.2%
1991Thelma & Louise
33.4%
2017All the Money in the World
32.8%
2008Body of Lies
30.4%
2010Robin Hood
30.1%
Year Movie % Correct
2014Exodus: Gods and Kings
28.9%
2013The Counselor
27.5%
2006A Good Year
26.8%
1985Legend
21.7%
2001Hannibal
20.7%
1997G.I. Jane
20.2%
2003Matchstick Men
19.9%
1977The Duellists
19.1%
1989Black Rain
17.8%
19921492: Conquest of Paradise
17%
1996White Squall
14.8%
1987Someone to Watch over Me
11.3%

From the Vault

NBA All-Star Game MVPs

by sox8998

Sports 7m
We think the award should go to whoever plays the least defense.
Remove Ads.
Support Sporcle.
Get the best of Sporcle when you Go Orange. This ad-free experience offers more features, more stats, and more fun while also helping to support Sporcle. Thank you for becoming a member.

Show Comments

Extras

Top Quizzes Today


Score Distribution

Your Account Isn't Verified!

In order to create a playlist on Sporcle, you need to verify the email address you used during registration. Go to your Sporcle Settings to finish the process.

Report this User

Report this user for behavior that violates our Community Guidelines.

Details: